| 000 | 01639nam0a2200349 i 4500 | ||
|---|---|---|---|
| 001 | RU\NLR\BIBL_A\010464994 | ||
| 005 | 20240921224601.0 | ||
| 010 |
_a9785222226933 _92500 |
||
| 021 |
_aRU _b14-52815 |
||
| 035 | _a(NILC)RuMoRGB-007523543 | ||
| 035 | _a(NLR Aleph) 010464994 | ||
| 090 |
_a9997028 _c9997028 |
||
| 100 | _a20140923d2015 u y0rusy50 ca | ||
| 101 | 0 | _arus | |
| 102 | _aRU | ||
| 105 | _aa|||j|||||||| | ||
| 200 | 1 |
_aМаркетинг для бакалавров менеджмента и экономики _eучебное пособие для студентов высших учебных заведений, обучающихся по направлению подготовки 38.03.02 "Менеджмент" (квалификация "бакалавр") _fЛ. Ю. Шемятихина, Е. Е. Лагутина |
|
| 210 |
_aРостов-на-Дону _cФеникс _d2015 _d[т.е. 2014] |
||
| 215 |
_a334 с. _cил. _d21 |
||
| 225 | 1 | _aСерия Высшее образование | |
| 300 | _aКн. фактически изд. в 2014 г. | ||
| 320 | _aБиблиогр.: с. 298-301 (44 назв.) | ||
| 606 | 1 |
_aМаркетинг _jУчебные издания для высших учебных заведений _91262222 _3RU\NLR\AUTH\66200829 |
|
| 686 | 1 | _aУ5-361.4я73 | |
| 686 | 1 | _aУ010.63я73 | |
| 700 | 1 |
_aШемятихина _bЛ. Ю. _gЛариса Юрьевна |
|
| 701 | 1 |
_aЛагутина _bЕ. Е. _gЕвгения Евгеньевна |
|
| 801 | 0 |
_aRU _bРГБ _c20140722 _gRCR |
|
| 942 | _cBOOK | ||
| 980 | _aNBR | ||